Slimming down the car park (Record no. 70416)

MARC details
000 -LEADER
fixed length control field 01119cam a2200253 4500
001 - CONTROL NUMBER
control field ABS65511
008 - FIXED-LENGTH DATA ELEMENTS--GENERAL INFORMATION
fixed length control field 020605n2002 000 0 eng u
035 ## - SYSTEM CONTROL NUMBER
System control number (Sirsi) u118282
100 ## - MAIN ENTRY--PERSONAL NAME
Personal name Taylor, C
245 ## - TITLE STATEMENT
Title Slimming down the car park
260 ## - PUBLICATION, DISTRIBUTION, ETC.
Date of publication, distribution, etc. 2002
490 ## - SERIES STATEMENT
Series statement Facilities Management
Volume/sequential designation 9(8) May 2002, 20-21(2)
520 ## - SUMMARY, ETC.
Summary, etc. Highlights the cost of car parks both directly and indirectly to the company and the need to curb car usage in order to reduce this cost as well as use the land more effectively and efficiently such as for expansion of the company buildings. Discusses means of reducing car use - promotion of public transport, cycling and walking, and the use of technology such as teleconferencing which remove the need for travel. Reports on a successful transport policy at a site in Cheshire just south of Manchester.
590 ## - LOCAL NOTE (RLIN)
Local note ABS
650 ## - SUBJECT ADDED ENTRY--TOPICAL TERM
Topical term or geographic name entry element TRANSPORT POLICIES
650 ## - SUBJECT ADDED ENTRY--TOPICAL TERM
Topical term or geographic name entry element CAR PARKS
650 ## - SUBJECT ADDED ENTRY--TOPICAL TERM
Topical term or geographic name entry element CAR PARKING
650 ## - SUBJECT ADDED ENTRY--TOPICAL TERM
Topical term or geographic name entry element PUBLIC TRANSPORT
650 ## - SUBJECT ADDED ENTRY--TOPICAL TERM
Topical term or geographic name entry element CAR USE
650 ## - SUBJECT ADDED ENTRY--TOPICAL TERM
Topical term or geographic name entry element COMMUTING
650 ## - SUBJECT ADDED ENTRY--TOPICAL TERM
Topical term or geographic name entry element CYCLING
690 ## - LOCAL SUBJECT ADDED ENTRY--TOPICAL TERM (OCLC, RLIN)
Topical term or geographic name as entry element MANAGEMENT-FACILITIES MANAGEMENT
942 ## - ADDED ENTRY ELEMENTS (KOHA)
Suppress in OPAC 0
Holdings
Withdrawn status Lost status Source of classification or shelving scheme Damaged status Not for loan Home library Current library Shelving location Date acquired Total Checkouts Full call number Barcode Date last seen Copy number Price effective from Koha item type
    Dewey Decimal Classification     London London Journal article 05/06/2002   ABS65511 118282-1001 06/08/2019 1 06/08/2019 Journal article